أسباب النزول / (رقم التسجيلة. 1356)

تفاصيل مارك
000 -الفاتح
حقل البيانات ثابتة الطول 00902cam a2200241a 44500
003 - محدد رقم الضبط
رقم الضبط OSt
005 - وقت وتاريخ اخر تعامل مع التسجيلة
رقم الضبط 20150408113727.0
008 - عناصر البيانات ثابتة الطول - معلومات عامة
حقل البيانات ثابتة الطول 030313s1999 le g 00000 ara dd
040 ## - مصدر الفهرسة
وكالة الفهرسة الأصلية mu
لغة الفهرسة ara
وكالة النسخ mb
041 ## - رمز اللغة
رمز لغة النص/ المسارات الصوتية أو العنوان الانفرادي عربي
072 ## - رمز الفئه الموضوعية
رمز فئه الموضوع 025
مجموعة رمز فئه الموضوع القرآن الكريم وعلومه ومباحثه
082 04 - رقم تصنيف ديوى العشرى
رقم التصنيف 223.6
092 ## - رقم استدعاء ديوى المحلى
رقم التصنيف 223.6
100 1# - المدخل الرئيسى - إسم شخصى
الإسم الشخصى الواحدي، علي بن أحمد بن محمد،
التواريخ المصاحبة للاسم ت. 468 هـ.
9 (RLIN) 217
245 10 - بيان العنوان
العنوان أسباب النزول /
بيان المسئوليه,etc لأبي الحسن علي بن أحمد الواحدي النيسابوري ؛ دراسة وتحقيق السيد الجميلي.
250 ## - بيان الطبعة
بيان الطبعة ط. 7.
260 ## - PUBLICATION, DISTRIBUTION, ETC. (IMPRINT)
مكان الناشر او الموزع بيروت
اسم الناشر او الموزع دار الكتاب العربي،
تاريخ النشر أو التوزيع 1419 = 1999
300 ## - الوصف المادى
التعداد 412 ص. ؛
أبعاد الوعاء 25 سم. 7
630 ## - المدخل الاضافى بالموضوع - عنوان موحد
عنوان موحد القرآن
التقسيم الفرعي العام نزول
مصدر الرأس أو المصطلح aucsh. 7
9 (RLIN) 218
630 ## - المدخل الاضافى بالموضوع - عنوان موحد
عنوان موحد القرآن
التقسيم الفرعي العام ترتيب
مصدر الرأس أو المصطلح aucsh. 7
9 (RLIN) 470
650 ## - المدخل الاضافى بالموضوع-مصطلح موضوعى
مصطلح موضوعي أو اسم جغرافي كعنصر مدخل جمع القرآن
مصدر الرأس أو المصطلح aucsh.\\
9 (RLIN) 471
942 ## - عناصر المدخل الإضافي( كوها)
مصدر التصنيف او مخطط الترفيف Dewey Decimal Classification
Koha [default] item type DVD
المقتنيات
حالة الفقد نموذج السعر الفعال حالة تلف ليس للاعارة رقم الطلب تاريخ الاكتساب الموقع الحالي الباركود الفرع الرئيسي Date last seen نوع المادة فى نظام كوها مصدر التصنيف او خطة الترفيف Total Checkouts Date last checked out
  2013-03-10     223.6 و ع ا 2011-11-14 قسم الاجراءات الفنية (IC) 00038476 قسم الاجراءات الفنية (IC) 2013-03-10 كتاب Dewey Decimal Classification    
  2013-03-10     223.6 و ع ا 2011-11-14 قسم الاجراءات الفنية (IC) 00038452 قسم الاجراءات الفنية (IC) 2013-03-10 كتاب Dewey Decimal Classification    
  2013-03-10     223.6 و ع ا 2011-08-14 مكتبة مجمع الطالبات بالمجمعة (EMF) 00023236 مكتبة مجمع الطالبات بالمجمعة (EMF) 2013-03-10 كتاب Dewey Decimal Classification    
  2013-03-10     223.6 و ع ا 2011-08-14 مكتبة مجمع الطالبات بالمجمعة (EMF) 00023235 مكتبة مجمع الطالبات بالمجمعة (EMF) 2013-12-23 كتاب Dewey Decimal Classification 1 2013-12-17
  2013-03-10     223.6 و ع ا 2011-08-14 مكتبة مجمع الطالبات بالمجمعة (EMF) 00023234 مكتبة مجمع الطالبات بالمجمعة (EMF) 2013-03-10 كتاب Dewey Decimal Classification    
  2013-03-10     223.6 و ع ا 2011-08-28 مكتبة مجمع الطالبات بالمجمعة (EMF) 00017865 مكتبة مجمع الطالبات بالمجمعة (EMF) 2013-03-10 مراجع Dewey Decimal Classification